000 01300nam a2200337 a 4500
001 60043
003 BD-RjUL
005 20211209080810.0
008 041230s2005 dcuab b i000 0 eng
020 _a0821361015 (pbk.)
020 _a0821361023 (eISBN)
035 _a(BD-RjUL)60167
040 _aDLC
_cDLC
_dBD-RjUL
_beng
041 _aeng
082 0 0 _a363.705610952
_223
_bLOC 2005
245 0 0 _aLocal approaches to environmental compliance :
_bJapanese case studies and lessons for developing countries /
_cedited by Adriana Bianchi, Wilfrido Cruz, Masahisa Nakamura.
260 _aWashington, D.C. :
_bWorld Bank,
_cc2005.
300 _axi, 132 p. :
_bill., map ;
_c28 cm.
504 _aIncludes bibliographical references.
650 0 _aEnvironmental policy
_zJapan
_vCase studies.
_9178671
650 0 _aEnvironmental policy
_zDeveloping countries.
_9174244
650 0 _aEnvironmental monitoring
_zJapan
_vCase studies.
_9178672
650 0 _aEnvironmental monitoring
_zDeveloping countries.
_9178673
700 1 _aBianchi, Adriana Noemi.
_9178674
700 1 _aCruz, Wilfrido.
_9178675
700 1 _aNakamura, Masahisa,
_d1945-
_9178676
710 2 _aWorld Bank Institute.
_9178677
942 _2ddc
_cBK
999 _c60043
_d60043